Normal view
MARC view
- Marimuthu, V.M .
Entry Personal Name
001 - CONTROL NUMBER
- control field: 1417
003 - CONTROL NUMBER IDENTIFIER
- control field: OSt
005 - DATE AND TIME OF LATEST TRANSACTION
- control field: 20160903102342.0
008 - FIXED-LENGTH DATA ELEMENTS
- fixed length control field: 160903|| aca||aabn | a|a d
040 ## - CATALOGING SOURCE
- Original cataloging agency: OSt
- Transcribing agency: OSt
100 ## - HEADING--PERSONAL NAME
- Personal name: Marimuthu, V.M .
670 ## - SOURCE DATA FOUND
- Source citation: Work cat.: (OSt)2216: Marimuthu, V.M ., Environmental Engineering and Pollution Control / , 1993.
